LEADER 01042cam0 2200277 450 001 E600200029589 005 20201021072410.0 100 $a20070927d1989 |||||ita|0103 ba 101 $aita 102 $aIT 200 1 $a<>mense della "Cittą futura"$eantropologia di un confinato antifascista napoletano$fCarmela Paolantonio$gprefazione di Guido D'Agostino 210 $aNapoli$cAthena$d1989 215 $a187 p.$d21 cm 225 2 $aQuaderni dell'antifascismo napoletano$v4 410 1$1001LAEC00023905$12001 $a*Quaderni dell'antifascismo napoletano$v4 700 1$aPaolantonio$b, Carmela$3A600200043505$4070$0361280 702 1$aD'Agostino, Guido$3A600200031102$4070 801 0$aIT$bUNISOB$c20201021$gRICA 850 $aUNISOB 852 $aUNISOB$j900$m76709 912 $aE600200029589 940 $aM 102 Monografia moderna SBN 941 $aM 957 $a900$b002691$gSi$d76709$rdono$1pregresso2$2UNISOB$3UNISOB$420070927071845.0$520201021072410.0$6rovito 996 $aMense della cittą futura$9394743 997 $aUNISOB LEADER 02184oas 2200637 a 450 001 9910894319203321 005 20260218112455.0 035 $a(DE-599)ZDB2769214-0 035 $a(OCoLC)610474648 035 $a(CONSER) 2011250533 035 $a(CKB)2670000000006355 035 $a(DE-599)2769214-0 035 $a(EXLCZ)992670000000006355 100 $a20100426a200u9999 uy 101 0 $aspa 135 $aur||||||||||| 181 $ctxt$2rdacontent 182 $cc$2rdamedia 183 $acr$2rdacarrier 200 00$aCONHISREMI 210 $a[Venezuela] $cInstituto Universitario de Tecnologi?a Toma?s Lander 215 $a1 online resource 300 $aRefereed/Peer-reviewed 300 $a"Revista Universitaria Arbitrada de Investigacio?n y Dia?logo Acade?mico." 311 08$a1690-7760 517 1 $aRevista CONHISREMI 606 $aSocial sciences$xResearch$zVenezuela$vPeriodicals 606 $aEducation$xResearch$zVenezuela$vPeriodicals 606 $aTechnology$xResearch$zVenezuela$vPeriodicals 606 $aEducation$xResearch$2fast$3(OCoLC)fst00902743 606 $aSocial sciences$xResearch$2fast$3(OCoLC)fst01122944 606 $aTechnology$xResearch$2fast$3(OCoLC)fst01145190 607 $aVenezuela$2fast$1https://id.oclc.org/worldcat/entity/E39PBJmDpj4Bm8XF33tDc3kxDq 608 $aPeriodicals.$2fast 615 0$aSocial sciences$xResearch 615 0$aEducation$xResearch 615 0$aTechnology$xResearch 615 7$aEducation$xResearch. 615 7$aSocial sciences$xResearch. 615 7$aTechnology$xResearch. 712 02$aSociedad Mirandina para la Investigacio?n en Educacio?n y Ciencias Sociales. 712 02$aInstituto Pedago?gico de Miranda "Jose? Manuel Siso Marti?nez." 712 02$aInstituto Universitario de Tecnologi?a "Toma?s Lander".$bEscuela Iberoamericana Cooperativa de Estudios Avanzados. 801 0$bSHS 801 1$bSHS 801 2$bBUF 801 2$bOCLCA 801 2$bCUS 801 2$bOCLCF 801 2$bOCLCQ 801 2$bCUS 801 2$bOCLCL 906 $aJOURNAL 912 $a9910894319203321 996 $aCONHISREMI$94251797 997 $aUNINA LEADER 03992nam 2200697Ia 450 001 9911019388903321 005 20251116171808.0 010 $a9786613615985 010 $a9781280586156 010 $a128058615X 010 $a9781118370940 010 $a1118370945 010 $a9781118370902 010 $a1118370902 035 $a(CKB)2670000000169183 035 $a(EBL)875937 035 $a(SSID)ssj0000668435 035 $a(PQKBManifestationID)11470647 035 $a(PQKBTitleCode)TC0000668435 035 $a(PQKBWorkID)10703491 035 $a(PQKB)11469939 035 $a(MiAaPQ)EBC875937 035 $a(OCoLC)793104215 035 $a(Perlego)2760789 035 $a(iGPub)WILEYB0009085 035 $a(EXLCZ)992670000000169183 100 $a20040311d2001 uy 0 101 0 $aeng 135 $aur|n|---||||| 181 $ctxt 182 $cc 183 $acr 200 00$aFundamentals of refractory technology $eproceedings of the Refractory Ceramics Division Focused lecture series presented at the 101st and 102nd Annual Meetings held April 25-28, 1999, in Indianapolis, Indiana, and April 30-May 3, 2000, in St. Louis, Missouri, respectively /$fedited by James P. Bennett, Jeffery D. Smith 210 $aWesterville, Ohio $cAmerican Ceramic Society$dc2001 215 $a1 online resource (317 p.) 225 1 $aCeramic transactions,$x1042-1122 ;$vv. 125 300 $aDescription based upon print version of record. 311 08$a9781574981339 311 08$a1574981331 320 $aIncludes bibliographical references. 327 $aFundamentals of Refractory Technology; Contents; Preface; 1999 Focused Sessions-Indianapolis, Indiana, April 26, 1999; Particle Size Distribution as a Predictor of Suspension Flow Behavior; Rheology and Plasticity for Ceramic Processing; The Nature of Chemical Reactions That Occur During Castable Installation and Analytical Techniques Used to Follow These Reactions; High-Temperature Mechanical Behavior of Magnesia-Graphite Refractories; Needed Fundamental Thermomechanical Material Properties for Thermomechanical Finite Element Analysis of Refractory Structures 327 $aPorous Ceramic Simulation of Reservoir Rocks Determination of Porosity by Electric Permittivity MeasurementsCorrosion of Industrial Refractories; 2000 Focused Sessions-St. Louis, Missouri, May 1, 2000; Application of Thermochemistry to Refractories; Creep Measurement and Analysis of Refractories; Corrosion of Refractories in Glass-Melting Application; Oxyfuel Firing Effects on Refractories; Cold Setting Cordierite Castables; Different Types of in situ Refractories; The Use of Modeling in Refractories; Bath Penetration of Barrier Refractories for Aluminum Electrolytic Cells 327 $aInterfacial Phenomena 330 $aThis updated reprint provides up-to-date information on refractories technology presented by recognized experts in the field. Produced from focused sessions of two Refractory Ceramics Division meetings, refractory scientists from around the world were invited to provide overviews of the scientific principles related to refractory manufacturing and performance. The result is this informative volume and a current view of the Fundamentals of Refractory Technology. 410 0$aCeramic transactions ;$vv. 125. 606 $aRefractory materials$vCongresses 606 $aHeat resistant materials$vCongresses 615 0$aRefractory materials 615 0$aHeat resistant materials 676 $a666.72 701 $aBennett$b James P$0924926 701 $aSmith$b Jeffrey Dean$f1951-$0770803 712 02$aAmerican Ceramic Society.$bMeeting$d(101st :$f1999 :$eIndianapolis, Ind.) 712 02$aAmerican Ceramic Society.$bMeeting$d(102nd :$f2000 :$eSaint Louis, Mo.) 801 0$bMiAaPQ 801 1$bMiAaPQ 801 2$bMiAaPQ 906 $aBOOK 912 $a9911019388903321 996 $aFundamentals of refractory technology$92075972 997 $aUNINA